000 00520nam a2200133Ia 4500
008 171212s9999 xx 000 0 und d
020 _a9781921313110
100 _aBellwood, Peter
245 _cBellwood, Peter
_aPrehistory of the Indo-Malaysian Archipelago
_bRevised Edition
260 _bANU E Press
_c1997
650 _aAnthropology
650 _aPrehistoric peoples -- Indonesia; Prehistoric peoples -- Malaysia; Indonesia -- Antiquities; Malaysia -- Antiquities
856 _uwww.jstor.org/stable/10.2307/j.ctt24hf81
999 _c351272
_d351272